History of the town of Remington and vicinity, Jasper County, Indiana. (Record no. 52158)

MARC details
000 -LEADER
fixed length control field 00809cam a22002651a 4500
001 - CONTROL NUMBER
control field rc 01001695
003 - CONTROL NUMBER IDENTIFIER
control field DLC
005 - DATE AND TIME OF LATEST TRANSACTION
control field 20260227111904.0
008 - FIXED-LENGTH DATA ELEMENTS--GENERAL INFORMATION
fixed length control field 830929s1894 inua 001 0ceng
010 ## - LIBRARY OF CONGRESS CONTROL NUMBER
LC control number rc 01001695
035 ## - SYSTEM CONTROL NUMBER
System control number (OCoLC)9961556
040 ## - CATALOGING SOURCE
Original cataloging agency DLC
Transcribing agency MnHi
Modifying agency DLC
042 ## - AUTHENTICATION CODE
Authentication code premarc
043 ## - GEOGRAPHIC AREA CODE
Geographic area code n-us-in
050 00 - LIBRARY OF CONGRESS CALL NUMBER
Classification number F534.R3
Item number R8
100 1# - MAIN ENTRY--PERSONAL NAME
Personal name Royalty, James H.
245 10 - TITLE STATEMENT
Title History of the town of Remington and vicinity, Jasper County, Indiana.
260 ## - PUBLICATION, DISTRIBUTION, ETC.
Place of publication, distribution, etc. Logansport, Ind. :
Name of publisher, distributor, etc. Wilson, Humphreys,
Date of publication, distribution, etc. 1894.
300 ## - PHYSICAL DESCRIPTION
Extent 270 p., [21] leaves of plates :
Other physical details ill. ;
Dimensions 24 cm.
500 ## - GENERAL NOTE
General note Preface signed: James H. Royalty.
500 ## - GENERAL NOTE
General note Includes index.
651 #0 - SUBJECT ADDED ENTRY--GEOGRAPHIC NAME
Geographic name Remington (Ind.)
General subdivision History.
651 #0 - SUBJECT ADDED ENTRY--GEOGRAPHIC NAME
Geographic name Remington (Ind.)
Form subdivision Biography.
651 #0 - SUBJECT ADDED ENTRY--GEOGRAPHIC NAME
Geographic name Jasper County (Ind.)
General subdivision History.

No items available.

Powered by Koha